000 01006nam a2200313 a 4500
001 vtls000080943
003 NLI
005 20210601194447.0
008 101125s1995 caua 001 0 eng
020 _a0125542550
039 9 _y201011250848
_zVLOAD
040 0 _aNLI
_beng
_cEntertech-2003
_eAACR2
041 0 _aeng
044 _acau
082 0 4 _a153.15
245 0 0 _aHandbook of academic learning :
_bconstruction of knowledge /
_cedited by Gary D. Phye
260 _aSan Diego :
_bAcademic Press,
_cc1995
300 _axxiv, 607 p. :
_bill. ;
_c23 cm.
440 4 _aThe educational psychology series
_9187542
504 _aIncludes bibliographical references and index
650 0 _aConstructivism (Education)
_9187543
650 0 _aThought and thinking
_xStudy and teaching
_9178481
700 1 _aPhye, Gary D,
_4edt
_9187544
887 _a
901 _a531627
_b27.03.1998
902 _aE153.15 H191
949 _AVIRTUAITEM
_D10000
_X100
_6PUR000531627ENG
942 _2ddc
_cBKS
999 _aVIRTUA00
_c85655
_d85655